| 000 | 01047cab a22002415a 4500 | ||
|---|---|---|---|
| 001 | L159057 | ||
| 008 | 130731e2015 xxk 000 0 eng d | ||
| 035 | _a(Sirsi) u159057 | ||
| 041 | 0 | _aeng | |
| 050 | 0 | 4 | _a693.5 $2 18 |
| 100 | 1 | _aWithers, Iain | |
| 245 | 0 | 0 | _aCostain begins 'self-healing' concrete trials |
| 490 |
_aBuilding _v(281) 06 November 2015, 14(1) |
||
| 520 | _aCostain and Cardiff University have begun a ground-breaking trial of self-healing concrete techniques without human intervention, which could save the UK billions of pounds in structural repair costs. Researchers are piloting three separate concrete-healing technologies. They want to develop a single system that can be embedded into concrete when is initially set, and then automatically sense when damage occurs. | ||
| 590 | _aKA | ||
| 650 | 2 | 4 | _aCONCRETE |
| 650 | 2 | 4 | _aRESEARCH AND TECHNOLOGICAL DEVELOPMENT |
| 650 | 2 | 4 | _aSTRUCTURAL REPAIRS |
| 651 | 4 | _aUnited Kingdom | |
| 690 | _aBuilding materials and defects | ||
| 690 | _aCONSTRUCTION | ||
| 942 | _n0 | ||
| 999 |
_c84788 _d84788 |
||